[Event "10th EICC"]
[Site "Budva MNE"]
[Date "2009.03.10"]
[Round "5"]
[White "Karisik,N"]
[Black "Brajovic,R"]
[Result "1/2-1/2"]
[WhiteElo "2023"]
[BlackElo "2275"]

1.e4 c5 2.Nf3 e6 3.d4 cxd4 4.Nxd4 Nc6 5.Nc3 Qc7 6.Be3 a6 7.Qd2 Nf6 8.O-O-O Bb4
9.f3 b5 10.g4 O-O 11.a3 Be7 12.g5 Nh5 13.Nxc6 dxc6 14.f4 g6 15.Qf2 c5 16.Kb1 Bb7
17.Bg2 Rab8 18.Ne2 b4 19.axb4 cxb4 20.Ng3 Ng7 21.f5 gxf5 22.exf5 Bxg2 23.Qxg2 Bc5
24.Ne4 Bxe3 25.Nf6+ Kh8 26.Qh3 h5 27.Qxe3 Rfc8 28.Rc1 exf5 29.Rhd1 Rb5 30.Qh3 Qc6
31.Nxh5 Nxh5 32.Qxh5+ Kg8 33.g6 fxg6 34.Rg1 Kg7 35.Qe2 Qe4 36.Qd2 Rd5 37.Qf2 b3
38.Qa7+ Kh8 39.Qxa6 bxc2+ 40.Ka1 Ra5+ 41.Qxa5 Ra8 42.Qa3 Ra4 43.Rge1 Qd4
44.Ka2 Qc4+ 45.b3 Rxa3+ 46.Kxa3 Qd3 47.Kb2 Qd2 48.Re8+ Kg7  1/2-1/2

[Event "10th EICC w"]
[Site "St Petersburg RUS"]
[Date "2009.03.10"]
[Round "3"]
[White "Abdulla,K"]
[Black "Borisova,E"]
[Result "1-0"]
[WhiteElo "2070"]
[BlackElo "2270"]

1.e4 c5 2.Nf3 e6 3.d4 cxd4 4.Nxd4 Nc6 5.Nc3 Qc7 6.Be3 a6 7.Bd3 Nf6 8.O-O b5
9.Kh1 Bb7 10.a3 h5 11.f4 Ng4 12.Bg1 O-O-O 13.Nce2 g5 14.c4 b4 15.Nxc6 dxc6
16.axb4 gxf4 17.c5 Ne5 18.Ra3 Bh6 19.Qc2 Rhg8 20.Bxa6 Bxa6 21.Rxa6 f3 22.gxf3 Rxg1+
23.Nxg1 Rd2 24.Ra8+ Kb7 25.Rfa1  1-0

[Event "10th EICC w"]
[Site "St Petersburg RUS"]
[Date "2009.03.10"]
[Round "3"]
[White "Eidelson,R"]
[Black "Stepovaia Dianchenko,T"]
[Result "0-1"]
[WhiteElo "2225"]
[BlackElo "2379"]

1.e4 c5 2.Nf3 Nc6 3.Nc3 e6 4.d4 cxd4 5.Nxd4 Qc7 6.Be2 a6 7.O-O b5 8.a3 Bb7
9.Be3 Nf6 10.f4 Nxd4 11.Qxd4 Rc8 12.Bf3 h5 13.h3 h4 14.e5 Nh5 15.Bxb7 Qxb7
16.Qe4 Qc7 17.Qf3 Ng3 18.Rfe1 Be7 19.Bf2 Nf5 20.Rac1 d5 21.exd6 Bxd6 22.Re4 O-O
23.Rce1 Bxa3 24.Nxb5 axb5 25.Qxa3 Qxc2 26.R4e2 Qc6 27.Re5 Rfd8 28.Qb3 Rd5
29.Rxd5 Qxd5 30.Qxd5 exd5 31.Re5 Ng3 32.Bxg3 hxg3 33.Kf1 Rc2 34.Rxd5 Rxb2
35.Rd3 Rf2+ 36.Kg1 Rxf4 37.Rxg3 Kf8 38.Rg5 b4 39.Rb5 Ke7 40.g3 Rc4 41.Kf2 Rc2+
42.Ke3 Rc3+ 43.Kf4 b3 44.h4 Kd6 45.g4 Kc6 46.Rb8 Kc5 47.Kf5 Kc4 48.Rb7 Rf3+
49.Ke4 Rf1 50.h5 Kc3 51.Rc7+ Kd2 52.Rb7 Kc2 53.Rc7+ Kb1 54.g5 b2 55.Ke3 Rf5
56.g6 fxg6 57.hxg6 Ra5 58.Rb7 Ka1  0-1

[Event "10th EICC"]
[Site "Budva MNE"]
[Date "2009.03.11"]
[Round "6"]
[White "Reutsky,S"]
[Black "Maletin,P"]
[Result "1/2-1/2"]
[WhiteElo "2381"]
[BlackElo "2557"]

1.e4 c5 2.Nf3 Nc6 3.Nc3 e6 4.d4 cxd4 5.Nxd4 Qc7 6.Be3 a6 7.Qd2 Nf6 8.O-O-O Bb4
9.f3 O-O 10.Kb1 d5 11.exd5 Bxc3 12.Qxc3 Nxd5 13.Qe1 Nxe3 14.Qxe3 Rd8 15.Be2 Bd7
16.Nxc6 Bxc6 17.Bd3 Rd7 18.h4 Rad8 19.Qe2 Qg3 20.h5 h6 21.Rh3 Qf4 22.Rhh1 Qg5
23.a3 b5 24.Qf2 Bd5 25.Rh4 Bc4 26.f4 Qf5 27.g4 Qf6 28.Rh3 e5 29.Rf1 e4 30.Bxc4 bxc4
31.Rc3 Rb7 32.Qe3 Rd3 33.Qxe4 Rxb2+ 34.Kxb2 Qxc3+ 35.Kb1 Rd8 36.Ka2 Qh3 37.Rg1 c3
38.g5 Qxh5 39.Rh1 Qg6 40.Qxg6 fxg6 41.gxh6 Rb8 42.Rg1 gxh6 43.Rxg6+ Kh7 44.Rxa6 Rb2+
45.Ka1 Rxc2 46.Rc6 h5 47.Kb1 Rf2 48.Rxc3 Kg6 49.Kc1 h4 50.Kd1 Kf5 51.Ke1 Rxf4
52.Rb3 Kg4 53.Rb4 Rxb4 54.axb4 Kf4  1/2-1/2

[Event "10th EICC"]
[Site "Budva MNE"]
[Date "2009.03.11"]
[Round "6"]
[White "Pavlidis,Ant"]
[Black "Kurmann,O"]
[Result "1/2-1/2"]
[WhiteElo "2278"]
[BlackElo "2415"]

1.e4 c5 2.Nf3 e6 3.d4 cxd4 4.Nxd4 Nc6 5.Nc3 a6 6.Be3 Nf6 7.Qd2 Bb4 8.f3 d5
9.a3 Qa5 10.Nxc6 bxc6 11.Bd4 Be7 12.Bd3 O-O 13.Qf2 Nd7 14.exd5 exd5 15.O-O-O Bf6
16.Rhe1 Rb8 17.f4 c5 18.Bxf6 Nxf6 19.Nxd5 Nxd5 20.Bxh7+ Kxh7 21.Rxd5 Qb6
22.Qh4+ Kg8 23.Rh5 Qxb2+ 24.Kd2 Qd4+ 25.Kc1 Qa1+ 26.Kd2 Qd4+ 27.Kc1 g6 28.Ree5 Qa1+
29.Kd2 Qd4+ 30.Kc1 Qa1+ 31.Kd2  1/2-1/2

[Event "10th EICC"]
[Site "Budva MNE"]
[Date "2009.03.11"]
[Round "6"]
[White "Can,E"]
[Black "Berend,F"]
[Result "1-0"]
[WhiteElo "2471"]
[BlackElo "2351"]

1.e4 c5 2.Nf3 e6 3.d4 cxd4 4.Nxd4 Nc6 5.Nc3 d6 6.Nxc6 bxc6 7.Bd3 Nf6 8.O-O Be7
9.Kh1 O-O 10.f4 e5 11.f5 d5 12.Qf3 Bb7 13.Bg5 h6 14.Bd2 Rb8 15.Rae1 Ba8 16.Qh3 Nd7
17.f6 Bxf6 18.exd5 cxd5 19.Bf5 Rb4 20.Bxd7 Rh4 21.Qf5 d4 22.Nd1 Qb6 23.Qf2 e4
24.Bf4 Qb7 25.Bf5 Re8 26.Bg3 Rh5 27.Qe2 Rg5 28.Rf4 e3 29.Re4 Be5 30.Rg4 Bxg3
31.Rxg3 Qc7 32.Rxg5 hxg5 33.Bg4  1-0

[Event "10th EICC"]
[Site "Budva MNE"]
[Date "2009.03.11"]
[Round "6"]
[White "Saric,Iv"]
[Black "Leniart,A"]
[Result "1-0"]
[WhiteElo "2566"]
[BlackElo "2360"]

1.e4 c5 2.Nf3 Nc6 3.Nc3 e6 4.d4 cxd4 5.Nxd4 Nf6 6.Bf4 d6 7.Nxc6 bxc6 8.e5 Nd5
9.Nxd5 exd5 10.Bd3 dxe5 11.Bxe5 Bd6 12.Bxg7 Rg8 13.Bc3 Qe7+ 14.Kf1 Rxg2 15.Qf3 Rxh2
16.Rxh2 Bxh2 17.Bf6 Qd6 18.Re1+ Be6 19.Qh5 Kd7 20.Rxe6  1-0

[Event "10th EICC w"]
[Site "St Petersburg RUS"]
[Date "2009.03.11"]
[Round "4"]
[White "Bezgodova,M"]
[Black "Wagener,A"]
[Result "1/2-1/2"]
[WhiteElo "2101"]
[BlackElo "2255"]

1.e4 c5 2.Nf3 e6 3.d4 cxd4 4.Nxd4 Nc6 5.Nc3 Qc7 6.Nxc6 bxc6 7.Bd3 d5 8.O-O Nf6
9.Bg5 Be7 10.Kh1 O-O 11.f4 d4 12.e5 Ne8 13.Ne4 Bxg5 14.Nxg5 f5 15.Bc4 Qe7
16.Qxd4 h6 17.Nf3 Nc7 18.Rad1 Nd5 19.Bb3 Ba6 20.c4 c5 21.Qd2 Nb6 22.Qc3 Rfd8
23.a3 Kf7 24.Kg1 Qc7 25.Qc2 Qc6 26.Rfe1 Bb7 27.Ba2 a5 28.b3 Qc7 29.Qc3 Qc6
30.Rd2 a4 31.b4 cxb4 32.Qxb4 Rxd2 33.Qxd2 Qc5+ 34.Qd4 Rc8 35.Qxc5 Rxc5 36.Nd2 Ba6
37.Rc1 g5 38.fxg5 hxg5 39.Nf3 g4 40.Nd4 Bxc4 41.h3 gxh3 42.gxh3 Rc8 43.Bxc4 Rxc4
44.Rd1 Rc5 45.Nf3 Rc3 46.Ng5+ Ke7 47.Rd6 Nc4 48.Rxe6+ Kd7 49.Kh2 Rxa3 50.h4 Re3
51.Ra6 Nxe5  1/2-1/2

[Event "10th EICC"]
[Site "Budva MNE"]
[Date "2009.03.12"]
[Round "7"]
[White "Sedlak,N"]
[Black "Rasulov,Vu"]
[Result "1-0"]
[WhiteElo "2592"]
[BlackElo "2391"]

1.e4 c5 2.Nf3 e6 3.Nc3 Nc6 4.d4 cxd4 5.Nxd4 Qc7 6.Be3 a6 7.Be2 b5 8.Nxc6 dxc6
9.f4 Bb7 10.O-O Be7 11.Qe1 c5 12.Bf3 b4 13.Na4 Nf6 14.Bf2 O-O 15.Qe3 Rac8
16.b3 Rfd8 17.Rad1 Rd4 18.Rxd4 cxd4 19.Qxd4 Qxc2 20.Re1 Bf8 21.h3 h6 22.Re2 Qc1+
23.Kh2 Qxf4+ 24.Bg3 Qc1 25.Qa7 Qc6 26.Nb6 Re8 27.e5 Nd5 28.Nxd5 exd5 29.Qd4 Bc5
30.Qd3 Qb6 31.Bf4 Bd4 32.Bg4 Bc8 33.Bh5 Be6 34.Re1 Rc8 35.Rf1 Rc3 36.Qe2 Be3
37.Bg3 d4 38.Qf3 Bg1+ 39.Rxg1 Rxf3 40.Bxf3 d3 41.Rc1 d2 42.Rd1 Qe3  1-0

[Event "10th EICC"]
[Site "Budva MNE"]
[Date "2009.03.12"]
[Round "7"]
[White "Berg,E"]
[Black "Banusz,T"]
[Result "1/2-1/2"]
[WhiteElo "2606"]
[BlackElo "2501"]

1.e4 c5 2.Nc3 e6 3.Nf3 Nc6 4.d4 cxd4 5.Nxd4 Nf6 6.a3 d5 7.Bb5 Bd7 8.exd5 exd5
9.O-O Be7 10.Bg5 O-O 11.Re1 Bc5 12.Nb3 Be7 13.Bxf6 Bxf6 14.Nxd5 Bxb2 15.Ra2 Be6
16.c4 Bf6 17.Rd2 Bxd5  1/2-1/2

[Event "10th EICC"]
[Site "Budva MNE"]
[Date "2009.03.12"]
[Round "7"]
[White "Simacek,P"]
[Black "Potkin,V"]
[Result "0-1"]
[WhiteElo "2493"]
[BlackElo "2613"]

1.e4 c5 2.Nf3 e6 3.d4 cxd4 4.Nxd4 Nc6 5.Nc3 Qc7 6.Be3 a6 7.Qd2 Nf6 8.O-O-O Bb4
9.f3 O-O 10.g4 b5 11.g5 Ne8 12.a3 Be7 13.Nf5 exf5 14.Nd5 Qb7 15.exf5 Nc7
16.f6 Bd8 17.fxg7 Re8 18.Nb6 Rb8 19.Bd3 b4 20.Qf2 Ne5 21.Bxh7+ Kxh7 22.Qh4+ Kxg7
23.Qh6+ Kg8 24.g6 Nxg6 25.Bd4 Ne6 26.Qe3 bxa3 27.Kb1 Nxd4 28.Qxe8+ Kg7 29.Rhg1 d6
30.Rxd4 Bf5 31.Qe3 Qxb6 32.b3  0-1

[Event "10th EICC"]
[Site "Budva MNE"]
[Date "2009.03.12"]
[Round "7"]
[White "Kadric,D"]
[Black "Brajovic,R"]
[Result "1-0"]
[WhiteElo "1982"]
[BlackElo "2275"]

1.e4 c5 2.Nf3 e6 3.d4 cxd4 4.Nxd4 Nc6 5.Nc3 Qc7 6.Be2 a6 7.O-O Nf6 8.Be3 Bb4
9.Na4 Be7 10.c4 Nxe4 11.c5 O-O 12.Rc1 Rb8 13.g3 g6 14.Bf3 Nf6 15.Nb6 Rd8
16.Bg5 d5 17.cxd6 Rxd6 18.Bf4 e5 19.Bxe5 Bh3 20.Bxd6 Bxd6 21.Nxc6 Qxb6 22.Qxd6 bxc6
23.Qxf6 Bxf1 24.Kxf1 Qxb2 25.Qxb2 Rxb2 26.a4 Rb4 27.Bxc6 h5 28.Rc5 h4 29.Kg2 Kg7
30.Ra5 f5 31.Rxa6 g5 32.Ra8 g4 33.gxh4 Rd4 34.a5 f4 35.a6 Rd1 36.a7 Ra1 37.Rg8+ Kxg8
38.a8=Q+ Rxa8 39.Bxa8 Kg7 40.Bf3  1-0

[Event "10th EICC w"]
[Site "St Petersburg RUS"]
[Date "2009.03.12"]
[Round "5"]
[White "Bodnaruk,A"]
[Black "Botsari,A"]
[Result "1-0"]
[WhiteElo "2384"]
[BlackElo "2289"]

1.e4 c5 2.Ne2 e6 3.Nbc3 Nc6 4.d4 cxd4 5.Nxd4 Qc7 6.g3 a6 7.Bg2 d6 8.O-O Bd7
9.Re1 Be7 10.Nxc6 Bxc6 11.Qg4 h5 12.Qe2 b5 13.a4 b4 14.Nd1 Qb7 15.b3 Nf6
16.Nb2 h4 17.Nc4 hxg3 18.hxg3 a5 19.Bb2 e5 20.Rad1 Qc7 21.f4 Qa7+ 22.Qe3 Qxe3+
23.Rxe3 exf4 24.gxf4 Rh4 25.e5 Bxg2 26.exf6 Rh1+ 27.Kxg2 Rxd1 28.fxg7  1-0

[Event "10th EICC w"]
[Site "St Petersburg RUS"]
[Date "2009.03.12"]
[Round "5"]
[White "Abdulla,K"]
[Black "Akatova,E"]
[Result "0-1"]
[WhiteElo "2070"]
[BlackElo "2261"]

1.e4 c5 2.Nf3 Nc6 3.d4 cxd4 4.Nxd4 e6 5.Nc3 a6 6.Be3 Qc7 7.Bd3 b5 8.O-O Bb7
9.a3 Nf6 10.Kh1 h5 11.f4 Ng4 12.Bg1 Nxd4 13.Bxd4 O-O-O 14.b4 f6 15.a4 e5
16.axb5 exd4 17.bxa6 Qxc3 18.axb7+ Kxb7 19.Qe2 Ra8 20.Rxa8 Kxa8 21.e5 Bxb4
22.Be4+ Ka7 23.Qb5 Rb8 24.Qxd7+ Kb6 25.Bd3 Qc6 26.Qxg7 fxe5 27.fxe5 Rb7 28.Qg5 Be7
29.Rb1+ Kc5 30.Qc1 Rxb1 31.Qxb1 Nxe5 32.Be2 h4 33.h3 Qb6 34.Qc1 Qa5 35.Qd1 Bg5
36.Bf1 Bf4 37.Qe2 Qb4 38.Qf2 Ng6 39.Qe2 Ne5 40.Qf2 Qd2 41.Qxh4 Qc1 42.Qf2 Qe3
43.Qh4 Nf3 44.Qh5+ Ng5 45.Qg4 Ne4 46.Qc8+ Kb4 47.Qb7+ Kc3 48.Qb3+ Kd2 49.Qxe3+ dxe3
50.Bc4 Kxc2 51.Kg1 Bg3 52.Ba6 Nc5 53.Be2 Kd2 54.Kf1 Nd3 55.Bg4 Nf4 56.Kg1 e2
57.Bxe2 Nxe2+ 58.Kh1 Ke1 59.h4 Kf1 60.h5 Nf4 61.h6 Nd3  0-1

[Event "10th EICC w"]
[Site "St Petersburg RUS"]
[Date "2009.03.13"]
[Round "6"]
[White "Daulyte,D"]
[Black "Peptan,C"]
[Result "0-1"]
[WhiteElo "2279"]
[BlackElo "2401"]

1.e4 c5 2.Nf3 e6 3.d4 cxd4 4.Nxd4 Nc6 5.Nc3 Qb6 6.Nb3 Nf6 7.Be3 Qc7 8.a3 a6
9.Be2 Be7 10.f4 d6 11.Bf3 O-O 12.O-O b5 13.Qd2 Bb7 14.Qf2 Nd7 15.Rad1 Rac8
16.Kh1 b4 17.axb4 Nxb4 18.Nd4 Nf6 19.f5 e5 20.Nb3 Qb8 21.g4 d5 22.exd5 e4
23.Nxe4 Rxc2 24.Nxf6+ Bxf6 25.Rd2 Rxd2 26.Qxd2 Nxd5 27.Bd4 Rd8 28.g5 Bxd4
29.Nxd4 Ne7 30.Qc3 Qf4 31.f6 Nd5 32.Qa5 Nc7 33.Qb6 Bd5 34.fxg7 Ne6 35.Qxa6 Qxd4  0-1

[Event "10th EICC w"]
[Site "St Petersburg RUS"]
[Date "2009.03.13"]
[Round "6"]
[White "Umudova,N"]
[Black "Bulmaga,I"]
[Result "1/2-1/2"]
[WhiteElo "2227"]
[BlackElo "2300"]

1.e4 c5 2.Nf3 Nc6 3.d4 cxd4 4.Nxd4 e6 5.Nc3 Qc7 6.Be3 Nf6 7.Qd2 Bb4 8.f3 a6
9.O-O-O Ne5 10.Qe1 O-O 11.g4 b5 12.g5 Bxc3 13.Qxc3 Qxc3 14.bxc3 Nh5 15.Be2 Nc4
16.Bxc4 bxc4 17.Rhg1 Bb7 18.Ne2 d5 19.e5 Bc6 20.Nd4 Bd7 21.Kd2 Rab8 22.Rb1 g6
23.Ne2 Ng7 24.Ng3 Rfc8 25.Bd4 Ne8 26.Ba7 Rb5 27.a3 Ra5 28.Ra1 Ra8 29.Bb6 Rb5
30.Rgb1 Rb8 31.Rxb5 Bxb5 32.Be3 Ba4 33.Ne2 d4 34.Nxd4 Nc7 35.Kc1 Nd5 36.Bd2 Nc7
37.Rb1 Rxb1+ 38.Kxb1 Nb5 39.Kb2 Nxd4 40.cxd4 Kf8  1/2-1/2

[Event "10th EICC w"]
[Site "St Petersburg RUS"]
[Date "2009.03.13"]
[Round "6"]
[White "Hairapetian,A"]
[Black "Khokhlova,E"]
[Result "1-0"]
[WhiteElo "2177"]
[BlackElo "1822"]

1.e4 c5 2.Nf3 e6 3.d4 cxd4 4.Nxd4 Nc6 5.Nc3 Qc7 6.Be3 a6 7.Bd3 Nf6 8.O-O Nxd4
9.Bxd4 Bc5 10.Bxc5 Qxc5 11.Na4 Qc7 12.c4 O-O 13.Rc1 d6 14.Qb3 Nd7 15.Rfd1 b6
16.Bb1 Rd8 17.Qd3 Ne5 18.Qd4 Rb8 19.f4 Nc6 20.Qd3 e5 21.Nc3 exf4 22.e5 g6
23.Nd5 Qa7 24.exd6 Bf5 25.Nf6+ Kf8 26.Qc3 Bxb1 27.Nxh7+ Kg8 28.Nf6+ Kf8 29.Rxb1 b5+
30.c5 Rb7 31.b4 a5 32.Nh5 Ke8 33.d7+  1-0

[Event "10th EICC"]
[Site "Budva MNE"]
[Date "2009.03.14"]
[Round "8"]
[White "Szabo,G ROM"]
[Black "Mastrovasilis,D"]
[Result "0-1"]
[WhiteElo "2506"]
[BlackElo "2580"]

1.e4 c5 2.Nf3 e6 3.d4 cxd4 4.Nxd4 Nc6 5.Nc3 Qc7 6.Be3 a6 7.Bd3 Nf6 8.O-O h5
9.h3 b5 10.Nxc6 Qxc6 11.a3 Bb7 12.Re1 Rc8 13.Bd4 Be7 14.Qe2 Kf8 15.f4 Bc5
16.Qf2 d6 17.Bxc5 Qxc5 18.Rad1 Qxf2+ 19.Kxf2 Ke7 20.e5 dxe5 21.Rxe5 h4 22.Be2 g6
23.Re3 Rc5 24.Rd4 g5 25.a4 bxa4 26.Rxa4 Rf5 27.Rb4 Rxf4+ 28.Rxf4 gxf4 29.Re5 Rg8
30.Bf1 Rg3 31.Ne2 Ne4+ 32.Kg1 Kf6 33.Rh5 f3 34.Nxg3 f2+  0-1

[Event "10th EICC"]
[Site "Budva MNE"]
[Date "2009.03.14"]
[Round "8"]
[White "Hillarp Persson,T"]
[Black "Vitiugov,N"]
[Result "1/2-1/2"]
[WhiteElo "2586"]
[BlackElo "2687"]

1.e4 c5 2.Nf3 e6 3.d4 cxd4 4.Nxd4 Nc6 5.Nc3 Qc7 6.Be3 Nf6 7.f4 Bb4 8.Nb5 Qa5
9.e5 Nd5 10.Bd2 Nxc3 11.bxc3 Bc5 12.c4 Qd8 13.Bd3 b6 14.Qh5 Ba6 15.h4 Bxb5
16.cxb5 g6 17.Qd1 Ne7 18.h5 Rf8 19.hxg6 hxg6 20.Qf3 Rc8 21.g4 Qc7 22.Qe4 d5
23.Qa4 g5 24.Rh7 d4 25.Be4 gxf4 26.Bxf4 Nd5 27.Bxd5 exd5 28.O-O-O Ba3+ 29.Kb1 Qc4
30.Qxc4 Rxc4 31.Rd3 Rb4+ 32.Rb3 Rg8 33.g5 Rxb3+ 34.axb3 Be7 35.Kc1 Bxg5 36.Bxg5 Rxg5
37.Rh8+ Ke7 38.Ra8 Ke6 39.Rxa7 Kxe5 40.Re7+ Kd6 41.Rxf7 Kc5 42.Kd2 Rg2+ 43.Kd3 Rg3+
44.Kd2 Kxb5 45.Rd7 Kc5 46.Rc7+ Kb4 47.Rd7 Kc5 48.Rc7+ Kd6 49.Rc8 b5 50.b4 Ke5
51.Re8+ Kf4 52.Rf8+ Ke4 53.Re8+ Kf4 54.Rf8+ Ke4  1/2-1/2

[Event "TCh-FIN"]
[Site "Finland FIN"]
[Date "2009.03.14"]
[Round "8"]
[White "Westerinen,H"]
[Black "Issakainen,A"]
[Result "0-1"]
[WhiteElo "2376"]
[BlackElo "2222"]

1.e4 c5 2.Nf3 e6 3.Nc3 Nc6 4.d4 cxd4 5.Nxd4 Qc7 6.Be2 a6 7.O-O Nf6 8.Be3 Bb4
9.Na4 Be7 10.Nb6 Rb8 11.Nxc6 bxc6 12.Nxc8 Qxc8 13.Bd4 c5 14.Be5 Rb6 15.c4 d6
16.Bc3 Nxe4 17.Bxg7 Rg8 18.Bf3 Rxg7 19.Bxe4 f5 20.Bf3 Bf6 21.Rb1 Qb8 22.Re1 Be5
23.b3 Qd8 24.Bh5+ Ke7 25.Qd2 Qa8 26.g3 f4 27.Qe2 Qg8 28.Rbd1 Bc3 29.Rf1 Rb8
30.Kh1 Be5 31.Rd3 Rg5 32.Bf3 Rf8 33.Bg2 Qg6 34.Qf3 Rf6 35.Qb7+ Kf8 36.Qxa6 Qxd3  0-1

[Event "10th EICC w"]
[Site "St Petersburg RUS"]
[Date "2009.03.14"]
[Round "7"]
[White "Dworakowska,J"]
[Black "Kursova,M"]
[Result "1-0"]
[WhiteElo "2352"]
[BlackElo "2268"]

1.e4 c5 2.Nf3 e6 3.d4 cxd4 4.Nxd4 Nc6 5.Nc3 a6 6.Nxc6 bxc6 7.Bd3 d5 8.O-O Nf6
9.Re1 Be7 10.e5 Nd7 11.Qg4 g6 12.b3 O-O 13.Na4 c5 14.Bh6 Re8 15.c4 d4 16.Rad1 Bb7
17.Nb2 Qc7 18.Qg3 Bf8 19.Bxf8 Rxf8 20.Bc2 f5 21.exf6 Qxg3 22.hxg3 Kf7 23.b4 Rfd8
24.Ba4 cxb4 25.Bxd7 Rxd7 26.Nd3 Kxf6 27.Nc5 Rc7 28.Rxe6+ Kf7 29.Rb6 Ra7 30.Ne6 Re7
31.Ng5+ Kg7 32.Rxd4 a5 33.Ne6+ Kf6 34.Rf4+ Ke5 35.Nc5  1-0

[Event "10th EICC w"]
[Site "St Petersburg RUS"]
[Date "2009.03.14"]
[Round "7"]
[White "Socko,M"]
[Black "Zawadzka,J"]
[Result "1-0"]
[WhiteElo "2449"]
[BlackElo "2385"]

1.e4 c5 2.Nf3 Nc6 3.d4 cxd4 4.Nxd4 e6 5.Nc3 a6 6.Be2 Qc7 7.O-O Nf6 8.Kh1 d6
9.f4 Be7 10.Be3 O-O 11.Qe1 b5 12.a3 Bb7 13.Qg3 Rfe8 14.Rae1 Rad8 15.Bd3 Rd7
16.Nxc6 Bxc6 17.Bd4 Qd8 18.Qh3 g6 19.f5 e5 20.Be3 Nh5 21.Nd5 Bxd5 22.exd5 Bf8
23.fxg6 hxg6 24.Qg4 Ng7 25.Bg5 Qc8 26.Re3 f5 27.Qh4 e4 28.Be2 Qxc2 29.Qh6 Kf7
30.h4 Re5 31.Qh7 Be7 32.Bh6 Bf6 33.h5 Rxd5 34.hxg6+ Ke6 35.Qg8+ Ke5 36.Bf4+ Kd4
37.Rd1+ Qxd1+ 38.Bxd1 Be5 39.Qc8 Rc5 40.Bxe5+ Kxe3 41.Qxd7  1-0

[Event "FSIMA March"]
[Site "Budapest HUN"]
[Date "2009.03.15"]
[Round "9"]
[White "Jones,Ri"]
[Black "Mihok,O"]
[Result "1/2-1/2"]
[WhiteElo "2075"]
[BlackElo "2355"]

1.e4 c5 2.Nf3 e6 3.d4 cxd4 4.Nxd4 Nc6 5.Nc3 Qc7 6.Be3 a6 7.Qd2 Nf6 8.O-O-O Be7
9.f3 h5 10.Kb1 b5 11.Nb3 d6 12.Bxb5 axb5 13.Nxb5 Qb8 14.Nxd6+ Kf8 15.Qc3 Bd7
16.Bc5 h4 17.Rd2 Rh5 18.Rhd1 Kg8 19.a3 Qf8 20.Bf2 Ne5 21.g4 hxg3 22.Bxg3 Bxd6
23.Rxd6 Rc8 24.Qe1 Ba4 25.Bxe5 Rxe5 26.Qb4 Bxb3 27.Qxb3 Rec5 28.R6d4 Rxc2
29.Qxc2 Rxc2 30.Kxc2 Qc5+ 31.Kb1 Nh5 32.b4 Qc3 33.R4d3 Qc4 34.Kb2 Nf4 35.Rd8+ Kh7
36.R1d2 e5 37.R8d7 f6 38.Rc2 Nd3+ 39.Rxd3 Qxd3 40.Rc3 Qe2+ 41.Kb3 Qxh2 42.a4 Qe2
43.b5 Kg8 44.Kb4 Kf8 45.b6 Qa6 46.a5 Ke7 47.Rc7+ Kd6 48.Rxg7 Qe2 49.b7 Qb2+
50.Kc4 Qc2+ 51.Kb4 Qb2+ 52.Kc4 Qc2+ 53.Kb4 Qc5+ 54.Kb3 Qb5+ 55.Kc2 Qe2+ 56.Kc1 Qc4+
57.Kd2 Qb4+ 58.Ke2 Kc6 59.a6 Qb2+ 60.Kf1 Kc5 61.Rd7 Qb6 62.Kg2 Qb2+ 63.Kg3 Qb6
64.Rd2 Kc6 65.Rc2+ Kd7 66.Kg2 Qb5 67.Ra2 Qb3 68.Kg3 Qg8+ 69.Kh3 Qxa2 70.b8=Q Qxa6  1/2-1/2

[Event "10th EICC"]
[Site "Budva MNE"]
[Date "2009.03.15"]
[Round "9"]
[White "Bozinovic,Bob"]
[Black "Djurovic,G"]
[Result "0-1"]
[WhiteElo "2095"]
[BlackElo "2279"]

1.e4 c5 2.Nf3 e6 3.d4 cxd4 4.Nxd4 Nc6 5.Nc3 Qc7 6.Be2 Nf6 7.Be3 Be7 8.O-O O-O
9.Qd2 a6 10.Nxc6 bxc6 11.f4 d5 12.e5 Nd7 13.Bd3 c5 14.Bf2 Bb7 15.Kh1 d4 16.Nd1 Qc6
17.Rg1 f6 18.Bg3 fxe5 19.fxe5 c4 20.Be2 Qd5 21.Bg4 Nxe5 22.Bxe5 Qxe5 23.Qe1 Be4
24.c3 Bd6 25.Qg3 Qxg3 26.hxg3 Rf6 27.Re1 Bxg3 28.Nf2 Bd5 29.Ne4 Rh6+ 30.Kg1 Bxe1
31.Rxe1 d3 32.Nd2 Rc8 33.Re5 Rc5 34.Kf2 Kf7 35.Re3 Rh1 36.Bf3 Ra1 37.Ne4 Bxe4
38.Rxe4 Rxa2 39.Rd4 Rxb2+ 40.Ke3 Ke7 41.Rh4 h6 42.Rg4 g5 43.Rg3 Kd6 44.Rh3 Re2+
45.Bxe2 Re5+ 46.Kd4 dxe2  0-1

[Event "10th EICC"]
[Site "Budva MNE"]
[Date "2009.03.15"]
[Round "9"]
[White "Lintchevski,D"]
[Black "Tassopoulos,M"]
[Result "0-1"]
[WhiteElo "2481"]
[BlackElo "2293"]

1.e4 c5 2.Nf3 e6 3.d4 cxd4 4.Nxd4 Nc6 5.Nc3 Qc7 6.Be2 a6 7.O-O Nf6 8.Be3 Bb4
9.Na4 Be7 10.Nxc6 bxc6 11.Nb6 Rb8 12.Nxc8 Qxc8 13.e5 Nd5 14.Bc1 Bc5 15.c4 Ne7
16.b3 Qc7 17.Bb2 d6 18.exd6 Bxd6 19.Bxg7 Rg8 20.Bc3 Bxh2+ 21.Kh1 Be5 22.Qc2 c5
23.Rae1 Bxc3 24.Qxc3 Nf5 25.Bh5 Nd4 26.Qh3 Kf8 27.f4 Rg7 28.Re5 Kg8 29.g4 f6
30.Re3 a5 31.Qh4 Qc6+ 32.Kh2 Nf5 33.Rxe6 Qxe6 34.gxf5 Qxf5 35.Bf3 Rd8 36.Bd5+ Rxd5
37.cxd5 Qxd5 38.Rg1 Qd2+ 39.Kh1 Qd5+ 40.Kh2 Qd2+ 41.Kh1 Rxg1+ 42.Kxg1 Qd1+
43.Kf2 Kg7 44.Qg3+ Kf7 45.f5 Qc2+ 46.Kg1 Qb1+ 47.Kh2 Qxa2+ 48.Kh3 Qe2 49.Qc7+ Qe7
50.Qf4 Qe5 51.Qf3 Kg7 52.Qg2+ Kf8 53.Qa8+ Kg7 54.Qg2+ Kf8 55.Qf3 Qd4 56.Qg3 h5
57.Qc7 Qg4+ 58.Kh2 Qxf5 59.Qxa5 Qe5+ 60.Kh1 Kg7 61.Qa2 Qe4+ 62.Kh2 Kg6 63.Qf2 Qe5+
64.Kh1 Qd4 65.Qc2+ Kh6 66.Qc1+ Kg7 67.Qc2 h4 68.Qf5 Qd1+ 69.Kg2 Qd2+ 70.Kf1 Qc1+
71.Kf2 Qb2+ 72.Kg1 Qd4+ 73.Kh1 Kf8 74.Qc8+ Ke7 75.Qc7+ Ke6 76.Qc8+ Ke5 77.Kg2 Ke4
78.Kh3 Kd3 79.Qf5+ Kc3 80.Qe6 Kb2 81.Kg2 Qd2+ 82.Kh1 Qg5 83.b4 cxb4 84.Qe2+ Kc3
85.Qf3+ Kd4 86.Qf2+ Kd5 87.Qf3+ Ke5 88.Qe2+ Kd4 89.Qf2+ Qe3 90.Qxf6+ Kd3
91.Qf1+ Kd2 92.Qf2+ Kd3 93.Qf1+ Kc2 94.Qf2+ Qd2 95.Qxh4 Qd5+ 96.Kg1 b3 97.Qf2+ Qd2
98.Qc5+ Kb1 99.Qc4 Qc1+  0-1

[Event "10th EICC"]
[Site "Budva MNE"]
[Date "2009.03.15"]
[Round "9"]
[White "Kalezic,B"]
[Black "Neverov,V"]
[Result "1/2-1/2"]
[WhiteElo "2460"]
[BlackElo "2560"]

1.e4 c5 2.Nf3 e6 3.d4 cxd4 4.Nxd4 Nc6 5.Nc3 Qc7 6.Be2 Nf6 7.O-O a6 8.Kh1 Bc5
9.Be3 d6 10.Qd2 Bd7 11.f4 Nxd4 12.Bxd4 Bc6 13.Bxc5 dxc5 14.Qe3 O-O-O 15.Qxc5 Nxe4
16.Nxe4 Bxe4 17.Qa7 Rd6 18.Bf3 Bxf3 19.Rxf3 Rhd8 20.h3 Rc6 21.c3 Qb6 22.Qxb6 Rxb6
23.Rf2 Rd3 24.Re1 g6 25.Ree2 Rbd6 26.Kh2 Kd7 27.g4 R6d5 28.c4 R5d4 29.b3 Kd6
30.Kg2 Rc3 31.Rf3 Rdd3 32.Rxd3+ Rxd3 33.Rf2 Kc5 34.Re2 Kd4 35.h4 h6 36.Kf2 b6
37.Kg2 Re3 38.Rd2+ Ke4 39.g5 hxg5 40.fxg5 Rd3 41.Re2+ Kf4 42.Rf2+ Kg4 43.Rxf7 Kxh4  1/2-1/2

[Event "10th EICC"]
[Site "Budva MNE"]
[Date "2009.03.15"]
[Round "9"]
[White "Tomic,Bos"]
[Black "Jovanic,O"]
[Result "1/2-1/2"]
[WhiteElo "2384"]
[BlackElo "2527"]

1.e4 c5 2.Nf3 e6 3.d4 cxd4 4.Nxd4 Nc6 5.Nc3 Qc7 6.g3 a6 7.Bg2 d6 8.O-O Bd7
9.Re1 Be7 10.a4 Nf6 11.Nxc6 Bxc6 12.a5 O-O 13.Be3 Nd7 14.Na4 Rae8 15.Nb6 Nxb6
16.Bxb6 Qd7 17.Ra3 f5 18.Rd3 f4 19.Bh3 Bb5 20.Rd5 Qc8 21.e5 Bc6 22.Rxd6 Bxd6
23.exd6 Rf6 24.Re5 Qd7 25.Rc5 Ref8 26.Rc3 Rh6 27.Bg4 Rhf6 28.Bd4 fxg3 29.Rxg3 Rg6
30.Be5 Be4 31.Qe2 Qa4 32.f4 Bf5 33.Bf3 Qa1+ 34.Kf2 Qxa5 35.c4 Qc5+ 36.Kg2 b5
37.cxb5 axb5 38.Bh5 Rxg3+ 39.hxg3 Rd8 40.Bf3 b4 41.g4 Bg6 42.Qa6 Qc8 43.Qb6 Be8
44.Kg3 Qd7 45.Bc6 Qxc6 46.Qxd8 Qd7 47.Qb8 Qb5 48.Qc7 Bd7 49.Qd8+ Be8 50.Qc8 Kf7
51.Qc7+ Qd7 52.Qc2 Qa7 53.Kh2 Bd7 54.Qc7  1/2-1/2

[Event "10th EICC"]
[Site "Budva MNE"]
[Date "2009.03.15"]
[Round "9"]
[White "Kontic,D"]
[Black "Bruno,Fabi"]
[Result "0-1"]
[WhiteElo "2369"]
[BlackElo "2461"]

1.e4 c5 2.Ne2 Nc6 3.Nbc3 e6 4.d4 cxd4 5.Nxd4 Qc7 6.Be2 Nf6 7.O-O a6 8.Be3 Be7
9.f4 d6 10.Qe1 Bd7 11.Rd1 O-O 12.Qg3 Nxd4 13.Rxd4 Bc6 14.e5 dxe5 15.fxe5 Nd7
16.Rg4 Qxe5 17.Bf4 Qc5+ 18.Kh1 f5 19.Be3 Qe5 20.Rgf4 Bc5 21.Bxc5 Nxc5 22.Bf3 Bxf3
23.gxf3 Rad8 24.Re1 Qf6 25.Rc4 Rc8 26.Qe5 Qxe5 27.Rxe5 Nd7 28.Rxc8 Nxe5 29.Rc7 Nxf3
30.Rxb7 Rd8 31.Kg2 Ne1+ 32.Kf1 Nxc2 33.Na4 Rd2 34.Nc5 Nd4 35.a4 e5 36.b4 e4
37.Re7 Nc6 38.Rc7 Nxb4 39.Ne6 Rd1+ 40.Ke2 Rg1 41.h4 h6 42.h5 Nd5 43.Rc5 Rg2+
44.Ke1 Ne3 45.Ra5 Ra2 46.Rxa6 Ng2+ 47.Kf1 f4 48.Kg1 Nh4 49.Ra8+ Kf7 50.Nxf4 Nf3+
51.Kf1 e3 52.Ra7+ Kg8 53.Ne2 Nh2+ 54.Ke1 Ra1+ 55.Nc1 Rxc1+ 56.Ke2 Ng4 57.a5 Ra1
58.a6 Ra3  0-1

[Event "10th EICC"]
[Site "Budva MNE"]
[Date "2009.03.16"]
[Round "10"]
[White "Civric,Z"]
[Black "Kontic,D"]
[Result "1/2-1/2"]
[WhiteElo "2206"]
[BlackElo "2369"]

1.e4 c5 2.Nf3 e6 3.d4 cxd4 4.Nxd4 Nc6 5.Nc3 a6 6.Be2 Qc7 7.Be3 Nf6 8.O-O Bb4
9.Na4 Be7 10.Nxc6 dxc6 11.Nb6 Rb8 12.e5 Nd5 13.Nxd5 cxd5 14.Qd4 O-O 15.c3 Bd7
16.Bd3 Bb5 17.Bxb5 axb5 18.Qg4 Ra8 19.Qg3 f5 20.exf6 Qxg3 21.hxg3 gxf6 22.a3 Ra4
23.f3 Kf7 24.Rad1 Rc8 25.Kf2 Kg6 26.g4 Bc5 27.Rfe1 Bxe3+ 28.Rxe3 Rc6 29.g3 h5
30.gxh5+ Kxh5 31.Red3 Kg6 32.f4 Ra8 33.Rh1 Rc4 34.Kf3 Re4 35.Rd2 Rg8 36.Rdh2 Kf7
37.Rh7+ Rg7 38.Rh8 f5 39.Rd8 Ke7 40.Rhh8 Re1 41.Rhe8+ Kf7 42.Rf8+ Ke7 43.Rfe8+ Kf7
44.Rf8+  1/2-1/2